LEADER 00913nam0 2200277 450 001 000041791 005 20151124122238.0 010 $a978-2-0813-1500-6 100 $a20151020d2014----km-y0itaa50------ba 101 0 $afre 102 $aFR 200 1 $aStandard$eroman$fNina Bouraoui 210 $aParis$cFlammarion$d2014 215 $a283 p.$d21 cm. 676 $a843.92$v(22. ed.)$9Narrativa francese. 2000- 700 1$aBouraoui,$bNina$0442748 801 0$aIT$bUniversità della Basilicata - B.I.A.$gREICAT$2unimarc 912 $a000041791 996 $aStandard$91531224 997 $aUNIBAS BAS $aLETTERE CAT $aSTD108$b01$c20151020$lBAS01$h1221 CAT $aSTD108$b01$c20151020$lBAS01$h1254 CAT $aMDL$b30$c20151124$lBAS01$h1222 FMT Z30 -1$lBAS01$LBAS01$mBOOK$1BASA1$APolo Storico-Umanistico$2DID$BDidattica$3FP/114214$6114214$5L114214$820151020$f04$FPrestabile Didattica